000 00736nam a2200205Ia 4500
003 GCL
008 140319s9999 xx 000 0 ara d
040 _aGCL /
_cGCL
082 0 4 _aم
_b611.03
_bح ا
100 1 _aحمدى ابراهيم العيش
245 1 0 _aاطلس جونز بكنز فى التشريح الوظيفى للانسان /
_cحمدى ابراهيم العيش
700 1 _aزويديهاب، جورج د. (تحرير)
700 1 _aشلوسبرج، ليون (رسوم)
260 _a[S.N] :
_bدار نهضة مصر للطبع والنشر ،
_c1984
490 _aماذا اعرف
_v0
650 0 4 _aجسم الانسان
650 0 4 _aالفسيولوجيا
650 0 4 _aالتشريح
942 _2ddc
_cREF
999 _c59596
_d59596